MARC

LEADER 00000nam0a2200000 4500
001 298498
005 20231102001117.0
035 |a (RuTPU)RU\TPU\book\323641 
090 |a 298498 
100 |a 20150618d1984 km y0rusy50 ca 
101 0 |a rus 
102 |a RU 
105 |a a z 001zy 
200 1 |a Испытания радиоэлектронного, электро- и светотехнического оборудования  |f под ред. В. П. Щелкина , Ю. М. Чудного 
210 |a Москва  |c Машиностроение  |d 1984 
215 |a 127 с.  |c ил. 
225 1 |a Справочная библиотека авиационного инженера-испытателя "Летные испытания самолетов и вертолетов" 
320 |a Библиогр.: с. 124 
606 1 |a Авиационное радиооборудование  |x Надежность  |2 stltpush  |3 (RuTPU)RU\TPU\subj\164  |9 29184 
610 1 |a бортовые радиоэлектронные средства 
610 1 |a испытания 
610 1 |a электромагнитная совместимость 
610 1 |a электротехническое оборудование 
610 1 |a светотехническое оборудование 
610 1 |a информационно-измерительные системы 
675 |a 629.73.05:621.3  |v 4 
702 1 |a Щелкин  |b В. П.  |g Виктор Павлович  |4 340 
702 1 |a Чудный  |b Ю. М.  |g Юрий Михайлович  |4 340 
801 1 |a RU  |b 63413507  |c 20150618 
801 2 |a RU  |b 63413507  |c 20160728  |g RCR 
942 |c BK